| 000 | 00000nam 2200000za 4500 |
| 001 | 9.838073 |
| 003 | CaOODSP |
| 005 | 20221107151307 |
| 007 | cr ||||||||||| |
| 008 | 170612s2017 quc o f000 0 fre d |
| 040 | |aCaOODSP|bfre |
| 043 | |an-cn--- |
| 086 | 1 |aP29-003-520-2017F-PDF |
| 245 | 00|aCarburant diesel contenant de faibles quantités de biodiesel (B1-B5) |h[ressource électronique]. |
| 260 | |aGatineau : |bOffice des normes générales du Canada : |bConseil canadien des normes, |c2017. |
| 300 | |ai, 22 p. |
| 490 | 1 |aNorme nationale du Canada ; |vno 3.520-2017 |
| 500 | |a« Juin 2017. » |
| 500 | |a« Expérience et excellence » -- Couv. |
| 500 | |aRemplace CAN/CGSB-3.520-2015. |
| 500 | |aPublié aussi en anglais sous le titre: Diesel fuel containing low levels of biodiesel (B1-B5). |
| 520 | |a« La présente norme s’applique à deux types de carburant diesel, type A, Bx et type B, Bx. Le carburant conforme à la présente norme est destiné aux moteurs diesels à régime élevé dans des applications sur route et hors route et à certains équipements alimentés par des moteurs diesels à régime moyen » -- Objet. |
| 692 | 07|2gccst|aCarburant diesel |
| 692 | 07|2gccst|aNorme |
| 710 | 2 |aConseil canadien des normes. |
| 710 | 2 |aOffice des normes générales du Canada. |
| 775 | 08|tDiesel fuel containing low levels of biodiesel (B1-B5) |w(CaOODSP)9.838072 |
| 794 | |tCarburant diesel contenant de faibles quantités de biodiesel (B1-B5).|w(CaOODSP)9.884949 |
| 795 | |tCarburant diesel contenant de faibles quantités de biodiesel (B1-B5) |w(CaOODSP)9.838079 |
| 830 | #0|aNorme nationale du Canada ;|vno 3.520-2017.|w(CaOODSP)9.504227 |
| 856 | 40|qPDF|s644 Ko|uhttps://publications.gc.ca/collections/collection_2017/ongc-cgsb/P29-003-520-2017-fra.pdf |
| 986 | |aICS 75.160.20 |